000 00713nam a2200229Ia 4500
003 PILC
005 20160321113539.0
008 140321s9999 xx 000 0 und d
020 _a9788126147403
050 _aG 155.A1
_b.M426o 2012
100 _aMathur, Akhil.
245 _aTour operators /
_cAkhil Mathur.
250 _a1st edition.
260 _aNew Delhi :
_bAnmol Publications Pvt. Ltd.,
_c2012.
300 _a296 pages ;
_c22 cm.
440 _a(Encyclopaedia of tourism, hotel, food and hospitality management series).
500 _aIncludes bibliographical references and index.
650 _aAdvertising
_xTourism.
650 _aTourism
_xMarketing.
942 _kFOR
_cBK
_2lcc
999 _c48500
_d48500